LEADER 00899nam a2200205 4500 001 000000363613 003 CaOOAMICUS 005 20250716145612.0 008 250716s2008 it a 000 u ita r 040 $aSeMil$bita 110 2 $aFondazione Civiltà Bresciana .$0(OLS)http://semarc/name/2466 245 10$aAlla scoperta di p. Giulio Aleni s.j. :$bil "Confucio di Occidente" /$cFondazione Civiltà Bresciana. 264 1$aBrescia :$b[s.n.],$c2008. 300 $a47 p. :$bill. ;$c21 cm 600 14$aAleni, Giulio .$0(OLS)http://semarc/subject/21208 850 $aSeMil 852 $aSeMil$W1$xVenegono$y1$m5B III 71/2$j260077$B254468$CSeMilBibl$Z2$F254468 $81 996 $6245$aAlla scoperta di p. Giulio Aleni s.j. :$bil "Confucio di Occidente"$9(OLS)http://semarc/title/454874 996 $6264$aBrescia :$b[s.n.]$9(OLS)http://semarc/publisher/30142 LEADER 00582nam a2200169 i 4500 001 000000236603 003 CaOOAMICUS 005 20141205000000.0 008 141205s1864 it u000 u ita u 013 $a215507 040 $aSeMil$bita 245 10$aVol. 4. 300 $a374 p. :$bill. 773 0 $aSuberwick $tOrrori dell'Inquisizione e le arti della Corte Romana.$dTorino : C. Perrin, 1848-1864.$g4$w()31081 850 $aSeMil 852 $aSeMil$W1$xVenegono$y1$m3B IV 10 FA$j186949$B186949$CSeMilBibl$Z2$F197678 $8I 996 $6245$aVol. 4$9(OLS)http://semarc/title/108694